Influência do horário de colheita sobre o rendimento e composição do óleo essencial de erva-cidreira brasileira [Lippia alba (Mill.) N. E. Br.] (Registro n. 299013)
[ somente texto ]
| 000 -LÍDER | |
|---|---|
| fixed length control field | 04528nab a2200337 i 4500 |
| 003 - CÓDIGO MARC DA AGÊNCIA CATALOGADORA | |
| Campo de controle | BR-BrBNA |
| 005 - DATA E HORA DA ÚLTIMA ATUALIZAÇÃO | |
| Campo de controle | 20240401135005.0 |
| 008 - CAMPO DE TAMANHO FIXO | |
| fixed length control field | 240401b2013 bl.qr|pooa||| 00| 0 por | |
| 040 ## - FONTE DA CATALOGAÇÃO | |
| Agência catalogadora | BR-BrBNA |
| Idioma da catalogação | por |
| 072 ## - CATEGORIA AGRIS | |
| Código AGRIS | F01 |
| 072 ## - CATEGORIA AGRIS | |
| Código AGRIS | F61 |
| 100 ## - ENTRADA PRINCIPAL - NOME PESSOAL | |
| Nome pessoal | Ehlert, P.A.D. |
| 100 ## - ENTRADA PRINCIPAL - NOME PESSOAL | |
| Nome pessoal | Ming, L.C. |
| 100 ## - ENTRADA PRINCIPAL - NOME PESSOAL | |
| Nome pessoal | Marques, M.O.M. |
| 100 ## - ENTRADA PRINCIPAL - NOME PESSOAL | |
| Nome pessoal | Fenandes, D.M. |
| 100 ## - ENTRADA PRINCIPAL - NOME PESSOAL | |
| Nome pessoal | Rocha, W.A. |
| 100 ## - ENTRADA PRINCIPAL - NOME PESSOAL | |
| Nome pessoal | Luz, J.M.Q. |
| 100 ## - ENTRADA PRINCIPAL - NOME PESSOAL | |
| Nome pessoal | Silva, R.F. |
| 245 ## - TÍTULO PRINCIPAL | |
| Título principal | Influência do horário de colheita sobre o rendimento e composição do óleo essencial de erva-cidreira brasileira [Lippia alba (Mill.) N. E. Br.] |
| 500 ## - NOTA GERAL | |
| Nota geral | Publicação on-line; 25 ref.; 4 tables; Summaries (En, Pt) |
| 942 ## - ADDED ENTRY ELEMENTS (KOHA) | |
| Koha item type | |
| 520 ## - NOTA DE RESUMO | |
| Nota de conteúdo | <br/><br/>RESUMO: <br/><br/>Este trabalho teve como objetivo verificar se o horário de colheita da erva-cidreira<br/>brasileira [Lippia alba (Mill.) N. E. Br.], fenotipo carvona-limoneno, tem influência sobre a<br/>produção de massa foliar, rendimento e composição do óleo essencial. Foram avaliados<br/>cinco horários de colheita quando a cultura estava com 145 dias desde o transplante: 8:00,<br/>10:00, 12:00, 14:00 e 16:00 h com cinco repetições, distribuídos em blocos casualizados. O<br/>experimento foi conduzido na Fazenda Experimental Lageado da FCA-UNESP/Botucatu no<br/>Setor de Horticultura do Departamento de Produção Vegetal. A colheita foi realizada a 15<br/>cm da superfície do solo e o óleo essencial obtido através de hidrodestilação, em aparelho<br/>tipo Clevenger. Levou-se em consideração os fatores agronômicos e o rendimento obtido<br/>por hidrodestilação. O óleo essencial foi analisado em cromatógrafo gasoso acoplado a<br/>espectrômetro de massas (CG/EM). Os resultados foram submetidos à análise de variância<br/>(Teste F) e as médias comparadas pelo teste de Tukey. Não houve diferença estatística para<br/>produção de massa foliar, teor de óleo essencial e produtividade de óleo essencial em massa<br/>fresca e seca. No entanto, entre os compostos majoritários do óleo essencial das folhas, carvona<br/>e limoneno, a melhor produtividade de carvona foi obtida às 10:00 h, em matéria fresca (2,050<br/>L ha-1)e em matéria seca (2,068 L ha-1), e para o limoneno às 16:00 h, em matéria fresca (1,068<br/>L ha-1) e em matéria seca (1,060 L ha-1).<br/><br/>Palavras-chave: Lippia alba, metabolismo secundário, horário de colheita, óleo essencial |
| 520 ## - NOTA DE RESUMO | |
| Nota de conteúdo | <br/><br/>ABSTRACT: <br/><br/>Influence of harvest time on the yield and composition of essential oil from<br/>the Brazilian “erva-cidreira” [Lippia alba (Mill.) N. E. Br.]. This study aimed to verify whether the<br/>harvest time of the “Brazilian erva-cidreira”[Lippia alba (Mill.) N. E. Br.], limonene-carvone chemotype,<br/>influences leaf mass production and essential oil yield and composition. Five different harvest times<br/>were evaluated at 145 days after transplanting: 8:00, 10:00, 12:00, 14:00 and 16:00, with five replicates,<br/>distributed in randomized blocks. The experiment was carried out at Lageado Experimental Farm<br/>of the School of Agronomical Sciences FCA-UNESP/Botucatu, Horticulture Sector, Department of<br/>Plant Production. Harvest was conducted from 15 cm above the soil surface and essential oil was<br/>obtained through steam distillation in a Clevenger-type apparatus. Both the agronomical factors and<br/>the yield obtained through steam distillation were considered. The essential oil was analyzed in a<br/>gas chromatographer coupled to a mass spectrometer (GC/MS). Results were subjected to analysis<br/>of variance (F Test) and means were compared according to Tukey’s test. There was no statistical<br/>difference for leaf mass production, essential oil content and essential oil yield in fresh and dry matter.<br/>However, considering the major essential oil compounds, carvone and limonene, the best yield was<br/>obtained at 10:00 for carvone in fresh (2050 L ha-1) and dry matter (2068 L ha-1), and at 16:00 for<br/>limonene in fresh (1068 L ha-1) and dry matter (1060 L ha-1).<br/><br/>Key words: Lippia alba, secondary metabolism, harvest time, essential oil |
| 650 ## - ASSUNTO - THESAGRO | |
| Cabeçalho tópico ou nome geográfico | LIPPIA ALBA |
| 650 ## - ASSUNTO - THESAGRO | |
| Cabeçalho tópico ou nome geográfico | METABOLISMO VEGETAL |
| 650 ## - ASSUNTO - THESAGRO | |
| Cabeçalho tópico ou nome geográfico | COLHEITA |
| 650 ## - ASSUNTO - THESAGRO | |
| Cabeçalho tópico ou nome geográfico | ÓLEO ESSENCIAL |
| 773 0# - ENTRADA ANALÍTICA | |
| Host Biblionumber | 3543 |
| Registro do item | 314057 |
| Imprenta | Botucatu-SP Instituto de Biociências - Departamento de Química e Bioquímica 1998 |
| Outro identificador | 2024-0323 |
| Título | Revista Brasileira de Plantas Medicinais (Brazil) |
| ISSN | 1516-0572 |
| Colação | v. 15(1) p. 72-77; (2013) |
| Número de controle de registro | BR2024000422 |
| 856 ## - ACESSO E ENDEREÇO ELETRÔNICO | |
| Identificador uniforme de recurso - URI | https://www.scielo.br/j/rbpm/a/wJg7B8B6YnPzghtfXDQ3b8k/?format=pdf&lang=pt |
Nenhum exemplar disponível.

BINAGRI